000 00478nam a2200169 i 4500
001 bg
100 1 _aGELEI, Anna
245 0 _aTrendy wzrostu gospodarczego /
_cAnna Gelei ; Tłum. z węg. Maciej Koźmiński.
260 _aWarszawa :
_bPaństw. Wydawn. Ekon.,
_c1974.
300 _as. 296 :
_brys., tabl.
504 _a[Zawiera bibliogr. s. 290-296].
040 _cBPK
041 _apol
080 _a330.34:330
942 _cKS
008 s pl f |000 0 pol
999 _c26536
_d26536
856 _uhttp://koha.tu.koszalin.pl/cgi-bin/koha/opac-detail.pl?biblionumber=26536
_yKatalog online BPK